Contemporary nutrition / (Record no. 21872)

000 -LEADER
fixed length control field 01200cam a22002774a 4500
001 - CONTROL NUMBER
control field 13627132
003 - CONTROL NUMBER IDENTIFIER
control field OSt
005 - DATE AND TIME OF LATEST TRANSACTION
control field 20170123101421.0
008 - FIXED-LENGTH DATA ELEMENTS--GENERAL INFORMATION
fixed length control field 040617s2006 maua b 001 0 eng
010 ## - LIBRARY OF CONGRESS CONTROL NUMBER
LC control number 2004014325
020 ## - INTERNATIONAL STANDARD BOOK NUMBER
International Standard Book Number 0072501855 (pbk. text : alk. paper)
040 ## - CATALOGING SOURCE
Original cataloging agency DLC
Transcribing agency DLC
Modifying agency DLC
042 ## - AUTHENTICATION CODE
Authentication code pcc
050 00 - LIBRARY OF CONGRESS CALL NUMBER
Classification number QP141
Item number .W378 2006
082 00 - DEWEY DECIMAL CLASSIFICATION NUMBER
Classification number 613.2
Edition number 22
100 1# - MAIN ENTRY--PERSONAL NAME
Personal name Wardlaw, Gordon M.
245 10 - TITLE STATEMENT
Title Contemporary nutrition /
Statement of responsibility, etc. Gordon M. Wardlaw.
250 ## - EDITION STATEMENT
Edition statement 6th ed. /
Remainder of edition statement Anne M. Smith.
260 ## - PUBLICATION, DISTRIBUTION, ETC. (IMPRINT)
Place of publication, distribution, etc. Boston :
Name of publisher, distributor, etc. McGraw-Hill Higher Education,
Date of publication, distribution, etc. c2006.
300 ## - PHYSICAL DESCRIPTION
Extent xxix, 580, [141, 2, 12, 16] p. :
Other physical details col. ill. ;
Dimensions 28 cm.
504 ## - BIBLIOGRAPHY, ETC. NOTE
Bibliography, etc Includes bibliographical references and index.
650 #0 - SUBJECT ADDED ENTRY--TOPICAL TERM
Topical term or geographic name as entry element Nutrition
Form subdivision Textbooks.
700 1# - ADDED ENTRY--PERSONAL NAME
Personal name Smith, Anne M.,
Dates associated with a name 1955-
856 41 - ELECTRONIC LOCATION AND ACCESS
Materials specified Table of contents
Uniform Resource Identifier <a href="http://www.loc.gov/catdir/toc/ecip0419/2004014325.html">http://www.loc.gov/catdir/toc/ecip0419/2004014325.html</a>
906 ## - LOCAL DATA ELEMENT F, LDF (RLIN)
a 7
b cbc
c orignew
d 1
e ecip
f 20
g y-gencatlg
942 ## - ADDED ENTRY ELEMENTS (KOHA)
Source of classification or shelving scheme
Koha item type Hard Covered Materials
Classification part QP 141 .W378 2006
Holdings
Withdrawn status Lost status Source of classification or shelving scheme Damaged status Not for loan Home library Current library Shelving location Date acquired Source of acquisition Total Checkouts Full call number Barcode Date last seen Price effective from Koha item type
          MACHAKOS UNIVERSITY LIBRARY MACHAKOS UNIVERSITY LIBRARY Technical section 23/01/2017 Donation (BFA)   QP 141 .W378 2006 31658 24/07/2018 23/01/2017 Hard Covered Materials
© Machakos University Library, Along The Highway, Machakos Wote Rd, Machakos, Kenya P.O. Box 136 - 90100 Machakos - Kenya

Tel: ( +254 ) 723 805829 OR Fax : 044-20353 OR Email: library@mksu.ac.ke